[Event "MCR druzstev mladsich zaku 2019"]
[Site "Trest"]
[Date "2019.06.15"]
[Round "5.15"]
[White "Barta, David"]
[Black "Svoboda, Daniel"]
[Result "1-0"]
[BlackElo "1458"]
[WhiteElo "1409"]
[LiveChessVersion "1.4.8"]

1. d4 {[%clk 0:25:17]} Nf6 {[%clk 0:25:14]} 2. Nf3 {[%clk 0:25:25]} e6
{[%clk 0:25:17]} 3. g3 {[%clk 0:25:32]} d5 {[%clk 0:25:07]} 4. Bg2
{[%clk 0:25:40]} b6 {[%clk 0:25:07]} 5. O-O {[%clk 0:25:43]} Bb7 {[%clk 0:25:10]}
6. Nbd2 {[%clk 0:25:24]} Nbd7 {[%clk 0:25:02]} 7. Ne5 {[%clk 0:24:47]} Nxe5
{[%clk 0:24:35]} 8. dxe5 {[%clk 0:24:54]} Nd7 {[%clk 0:24:42]} 9. Nf3
{[%clk 0:24:09]} Be7 {[%clk 0:23:28]} 10. Bf4 {[%clk 0:24:09]} c5
{[%clk 0:23:20]} 11. Rc1 {[%clk 0:21:57]} O-O {[%clk 0:22:00]} 12. Qd2
{[%clk 0:19:01]} Qc7 {[%clk 0:17:42]} 13. Bg5 {[%clk 0:17:29]} Bxg5
{[%clk 0:17:05]} 14. Qxg5 {[%clk 0:17:32]} h6 {[%clk 0:16:40]} 15. Qf4
{[%clk 0:16:43]} f6 {[%clk 0:14:36]} 16. exf6 {[%clk 0:14:29]} Qxf4
{[%clk 0:14:42]} 17. gxf4 {[%clk 0:14:32]} Rxf6 {[%clk 0:13:19]} 18. Ne5
{[%clk 0:14:24]} Nxe5 {[%clk 0:13:11]} 19. fxe5 {[%clk 0:14:31]} Rg6
{[%clk 0:13:19]} 20. Kh1 {[%clk 0:14:21]} Rg5 {[%clk 0:10:57]} 21. f4
{[%clk 0:14:20]} Rg6 {[%clk 0:11:02]} 22. Rcd1 {[%clk 0:13:25]} Ba6
{[%clk 0:09:57]} 23. Bf3 {[%clk 0:12:27]} h5 {[%clk 0:06:04]} 24. Rxd5
{[%clk 0:11:28]} exd5 {[%clk 0:03:46]} 25. Bxd5+ {[%clk 0:11:33]} Kh8
{[%clk 0:03:54]} 26. Bxa8 {[%clk 0:11:36]} Bxe2 {[%clk 0:03:52]} 27. Rf2
{[%clk 0:11:18]} Bg4 {[%clk 0:03:07]} 28. Rd2 {[%clk 0:10:36]} Bf5
{[%clk 0:02:18]} 29. c3 {[%clk 0:09:41]} Kh7 {[%clk 0:01:33]} 30. Rg2
{[%clk 0:07:52]} Rxg2 {[%clk 0:01:14]} 31. Kxg2 {[%clk 0:07:52]} Kg6
{[%clk 0:01:19]} 32. Bd5 {[%clk 0:07:44]} Bd7 {[%clk 0:01:19]} 33. Be4+
{[%clk 0:07:21]} Kf7 {[%clk 0:01:07]} 34. Kg3 {[%clk 0:05:08]} g6
{[%clk 0:00:45]} 35. Kh4 {[%clk 0:04:52]} Kg7 {[%clk 0:00:32]} 36. Kg5
{[%clk 0:04:57]} Be8 {[%clk 0:00:38]} 37. f5 {[%clk 0:04:19]} gxf5
{[%clk 0:00:29]} 38. Bxf5 {[%clk 0:04:15]} b5 {[%clk 0:00:24]} 39. Be4
{[%clk 0:03:02]} c4 {[%clk 0:00:24]} 40. Bf3 {[%clk 0:02:59]} a6 {[%clk 0:00:20]}
41. Bxh5 {[%clk 0:03:02]} Bd7 {[%clk 0:00:21]} 42. Bf3 {[%clk 0:02:49]} Bc8
{[%clk 0:00:19]} 43. Bd5 {[%clk 0:02:51]} a5 {[%clk 0:00:16]} 44. a3
{[%clk 0:02:41]} Bd7 {[%clk 0:00:15]} 45. h4 {[%clk 0:02:43]} a4 {[%clk 0:00:23]}
46. h5 {[%clk 0:02:47]} Kh8 {[%clk 0:00:19]} 47. Kf6 {[%clk 0:02:37]} Be8
{[%clk 0:00:20]} 48. Bf7 {[%clk 0:02:31]} Bc6 {[%clk 0:00:13]} 49. e6
{[%clk 0:02:30]} Kh7 {[%clk 0:00:17]} 50. e7 {[%clk 0:02:34]} Bd7
{[%clk 0:00:24]} 51. e8=Q {[%clk 0:02:38]} Bxe8 {[%clk 0:00:33]} 52. Bxe8
{[%clk 0:02:43]} Kh6 {[%clk 0:00:27]} 53. Bxb5 {[%clk 0:02:51]} Kh7
{[%clk 0:00:34]} 54. Bxc4 {[%clk 0:02:56]} Kh6 {[%clk 0:00:42]} 55. b4
{[%clk 0:02:59]} axb3 {[%clk 0:00:47]} 56. Bxb3 {[%clk 0:03:05]} Kh7
{[%clk 0:00:56]} 57. a4 {[%clk 0:03:13]} Kh6 {[%clk 0:01:04]} 58. a5
{[%clk 0:03:22]} Kh7 {[%clk 0:01:13]} 59. a6 {[%clk 0:03:27]} Kh6
{[%clk 0:01:21]} 60. a7 {[%clk 0:03:36]} Kh7 {[%clk 0:01:30]} 61. a8=R
{[%clk 0:03:30]} Kh6 {[%clk 0:01:37]} 62. Bd1 {[%clk 0:03:36]} Kh7
{[%clk 0:01:45]} 63. Bg4 {[%clk 0:03:43]} Kh6 {[%clk 0:01:53]} 64. Rh8# 1-0

[Event "MCR druzstev mladsich zaku 2019"]
[Site "Trest"]
[Date "2019.06.15"]
[Round "5.16"]
[White "Tesar, Jakub"]
[Black "Garabik, Marek"]
[Result "1/2-1/2"]
[BlackElo "1471"]
[WhiteElo "1528"]
[LiveChessVersion "1.4.8"]

1. e4 {[%clk 0:25:18]} e5 {[%clk 0:25:18]} 2. Nf3 {[%clk 0:25:26]} Nc6
{[%clk 0:25:27]} 3. d4 {[%clk 0:25:34]} exd4 {[%clk 0:25:34]} 4. Nxd4
{[%clk 0:25:40]} Bc5 {[%clk 0:25:38]} 5. Be3 {[%clk 0:25:47]} Bxd4
{[%clk 0:25:38]} 6. Bxd4 {[%clk 0:25:53]} Nxd4 {[%clk 0:25:47]} 7. Qxd4
{[%clk 0:26:01]} Qf6 {[%clk 0:25:27]} 8. c3 {[%clk 0:25:56]} d6 {[%clk 0:25:30]}
9. Bc4 {[%clk 0:25:43]} Be6 {[%clk 0:25:35]} 10. Nd2 {[%clk 0:25:39]} Rd8
{[%clk 0:25:27]} 11. O-O {[%clk 0:25:26]} Ne7 {[%clk 0:24:44]} 12. Qxf6
{[%clk 0:25:25]} gxf6 {[%clk 0:24:47]} 13. Rfe1 {[%clk 0:25:06]} O-O
{[%clk 0:24:03]} 14. Rad1 {[%clk 0:24:21]} c6 {[%clk 0:23:19]} 15. Re3
{[%clk 0:24:09]} Ng6 {[%clk 0:22:47]} 16. Rg3 {[%clk 0:23:44]} Rfe8
{[%clk 0:22:15]} 17. Bxe6 {[%clk 0:23:05]} fxe6 {[%clk 0:22:08]} 18. f4 f5
{[%clk 0:21:23]} 19. exf5 {[%clk 0:22:14]} exf5 {[%clk 0:21:30]} 20. Nf3
{[%clk 0:22:13]} Re2 {[%clk 0:21:01]} 21. Ne5 {[%clk 0:21:46]} Kg7
{[%clk 0:19:58]} 22. Nc4 {[%clk 0:20:49]} Re6 {[%clk 0:19:46]} 23. Kf2
{[%clk 0:20:17]} Kf6 {[%clk 0:19:19]} 24. Rgd3 {[%clk 0:19:05]} d5
{[%clk 0:19:19]} 25. g3 {[%clk 0:18:37]} Rde8 {[%clk 0:19:21]} 26. Nd2
{[%clk 0:17:58]} Re2+ {[%clk 0:19:18]} 27. Kg1 {[%clk 0:18:01]} Re1+
{[%clk 0:19:14]} 28. Rxe1 Rxe1+ {[%clk 0:19:23]} 29. Kf2 {[%clk 0:18:16]} Rd1
{[%clk 0:18:51]} 30. Ke2 {[%clk 0:17:51]} Rh1 {[%clk 0:18:58]} 31. Nf3
{[%clk 0:18:00]} Ra1 {[%clk 0:18:21]} 32. a3 {[%clk 0:18:00]} Rb1
{[%clk 0:18:22]} 33. Rd2 {[%clk 0:18:02]} h5 {[%clk 0:17:20]} 34. Ke3
{[%clk 0:17:35]} Nh8 {[%clk 0:16:37]} 35. Ne5 {[%clk 0:17:18]} Nf7
{[%clk 0:16:37]} 36. Nxf7 {[%clk 0:17:25]} Kxf7 {[%clk 0:16:42]} 37. Kd4
{[%clk 0:17:29]} Re1 {[%clk 0:16:32]} 38. Kc5 {[%clk 0:17:33]} Re6
{[%clk 0:16:25]} 39. b4 {[%clk 0:16:00]} b6+ {[%clk 0:16:19]} 40. Kd4
{[%clk 0:16:09]} Re4+ {[%clk 0:16:22]} 41. Kd3 {[%clk 0:16:15]} Ke6
{[%clk 0:15:58]} 42. Re2 {[%clk 0:16:19]} Rxe2 {[%clk 0:16:07]} 43. Kxe2
{[%clk 0:16:28]} Kd6 {[%clk 0:16:13]} 44. Kf3 {[%clk 0:16:35]} Ke6
{[%clk 0:16:10]} 45. h3 {[%clk 0:16:44]} c5 {[%clk 0:16:18]} 46. g4
{[%clk 0:16:41]} hxg4+ {[%clk 0:16:26]} 47. hxg4 {[%clk 0:16:49]} fxg4+
{[%clk 0:16:25]} 48. Kxg4 {[%clk 0:16:58]} Kf6 {[%clk 0:16:34]} 49. f5
{[%clk 0:17:06]} cxb4 {[%clk 0:16:40]} 50. cxb4 {[%clk 0:17:07]} d4
{[%clk 0:16:49]} 51. Kf4 {[%clk 0:17:12]} d3 {[%clk 0:16:58]} 52. Ke3
{[%clk 0:17:21]} Kxf5 {[%clk 0:17:06]} 53. Kxd3 {[%clk 0:17:30]} Ke5
{[%clk 0:17:14]} 54. Kc4 {[%clk 0:17:40]} a6 {[%clk 0:17:13]} 55. b5
{[%clk 0:17:30]} a5 {[%clk 0:17:22]} 56. a4 {[%clk 0:17:36]} Ke4 {[%clk 0:17:29]}
57. Kc3 {[%clk 0:17:40]} Kd5 {[%clk 0:17:35]} 58. Kd3 {[%clk 0:17:46]} Kc5
{[%clk 0:17:35]} 59. Kc3 {[%clk 0:17:55]} Kd5 {[%clk 0:17:44]} 60. Kd3
{[%clk 0:18:03]} Kc5 {[%clk 0:17:53]} 61. Kc3 {[%clk 0:18:13]} 1/2-1/2

[Event "MCR druzstev mladsich zaku 2019"]
[Site "Trest"]
[Date "2019.06.15"]
[Round "5.17"]
[White "Cinkova, Vicky"]
[Black "Dobsa, Emma"]
[Result "0-1"]
[BlackElo "1375"]
[WhiteElo "1411"]
[LiveChessVersion "1.4.8"]

1. e4 {[%clk 0:25:08]} e5 {[%clk 0:25:19]} 2. Nf3 {[%clk 0:25:08]} Nc6
{[%clk 0:25:27]} 3. d4 {[%clk 0:25:10]} exd4 {[%clk 0:25:33]} 4. Nxd4
{[%clk 0:25:15]} Bc5 {[%clk 0:25:37]} 5. Nf3 {[%clk 0:23:51]} d6 {[%clk 0:24:39]}
6. Nc3 {[%clk 0:23:27]} Nf6 {[%clk 0:22:22]} 7. Bd3 {[%clk 0:21:25]} Bg4
{[%clk 0:21:58]} 8. h3 {[%clk 0:20:57]} Bh5 {[%clk 0:22:01]} 9. Bf4
{[%clk 0:20:37]} O-O {[%clk 0:21:44]} 10. Qd2 {[%clk 0:20:16]} Re8
{[%clk 0:21:26]} 11. g4 {[%clk 0:20:02]} Bg6 {[%clk 0:21:33]} 12. O-O-O
{[%clk 0:19:28]} Nxe4 {[%clk 0:21:20]} 13. Nxe4 {[%clk 0:18:27]} Bxe4
{[%clk 0:21:23]} 14. Bxe4 {[%clk 0:18:14]} Rxe4 {[%clk 0:21:27]} 15. Ng5
{[%clk 0:17:44]} Rd4 {[%clk 0:21:25]} 16. Qc3 {[%clk 0:14:37]} Rxf4
{[%clk 0:20:48]} 17. f3 {[%clk 0:14:00]} Qxg5 {[%clk 0:20:50]} 18. Kb1
{[%clk 0:13:50]} Ne5 {[%clk 0:19:54]} 19. h4 {[%clk 0:13:45]} Qf6
{[%clk 0:19:49]} 20. g5 {[%clk 0:13:38]} Qf5 {[%clk 0:19:35]} 21. Rd2
{[%clk 0:12:14]} Bb4 {[%clk 0:19:34]} 22. Qxc7 {[%clk 0:12:05]} Bxd2
{[%clk 0:19:32]} 23. Qxd6 {[%clk 0:11:59]} Bb4 {[%clk 0:19:24]} 24. Qc7
{[%clk 0:11:57]} Rxf3 0-1

[Event "MCR druzstev mladsich zaku 2019"]
[Site "Trest"]
[Date "2019.06.15"]
[Round "5.18"]
[White "Mruskovic, Ondrej"]
[Black "Nechvatalova, Eva"]
[Result "1/2-1/2"]
[BlackElo "1028"]
[WhiteElo "1266"]
[LiveChessVersion "1.4.8"]

1. e4 {[%clk 0:25:18]} c5 {[%clk 0:25:15]} 2. Nc3 {[%clk 0:25:25]} Nc6
{[%clk 0:25:23]} 3. Bb5 {[%clk 0:25:29]} d6 {[%clk 0:25:27]} 4. Nf3
{[%clk 0:25:32]} Bd7 {[%clk 0:25:23]} 5. O-O {[%clk 0:25:35]} Nf6
{[%clk 0:25:29]} 6. d3 {[%clk 0:25:33]} g6 {[%clk 0:25:35]} 7. Bg5
{[%clk 0:25:32]} Bg7 {[%clk 0:25:43]} 8. h3 {[%clk 0:25:30]} O-O {[%clk 0:25:45]}
9. Re1 {[%clk 0:25:30]} Qc7 {[%clk 0:25:22]} 10. Nd5 {[%clk 0:24:18]} Qd8
{[%clk 0:25:09]} 11. d4 {[%clk 0:22:40]} a6 {[%clk 0:24:42]} 12. Bxc6
{[%clk 0:22:26]} bxc6 {[%clk 0:24:26]} 13. Nc3 {[%clk 0:22:15]} cxd4 14. Nxd4 Qc7
{[%clk 0:21:34]} 15. Qd2 {[%clk 0:20:55]} Rab8 {[%clk 0:20:31]} 16. b3
{[%clk 0:20:48]} Rfe8 {[%clk 0:19:44]} 17. Bh6 {[%clk 0:20:39]} c5
{[%clk 0:18:42]} 18. Nf3 {[%clk 0:20:37]} Be6 {[%clk 0:18:28]} 19. Bxg7
{[%clk 0:20:23]} Kxg7 {[%clk 0:18:34]} 20. e5 {[%clk 0:19:40]} dxe5
{[%clk 0:18:22]} 21. Nxe5 {[%clk 0:19:31]} Red8 {[%clk 0:17:48]} 22. Qe2
{[%clk 0:19:05]} Rf8 {[%clk 0:17:24]} 23. Nf3 {[%clk 0:18:17]} Qa5
{[%clk 0:15:45]} 24. Ne4 {[%clk 0:17:48]} Nxe4 {[%clk 0:15:27]} 25. Qxe4
{[%clk 0:17:49]} Kg8 {[%clk 0:15:11]} 26. Ng5 {[%clk 0:17:20]} Kg7
{[%clk 0:12:55]} 27. Nxe6+ {[%clk 0:16:59]} fxe6 {[%clk 0:12:58]} 28. Qxe6
{[%clk 0:16:54]} Rfe8 {[%clk 0:12:03]} 29. Qe5+ {[%clk 0:16:42]} Kg8
{[%clk 0:11:50]} 30. h4 {[%clk 0:15:58]} h5 {[%clk 0:11:27]} 31. Qg5
{[%clk 0:15:40]} Qb6 {[%clk 0:11:00]} 32. Re3 {[%clk 0:15:22]} Kh7
{[%clk 0:10:09]} 33. Rxe7+ {[%clk 0:15:05]} Rxe7 {[%clk 0:09:44]} 34. Qxe7+
{[%clk 0:15:09]} Kh6 {[%clk 0:09:48]} 35. Rd1 {[%clk 0:15:02]} Rb7
{[%clk 0:09:47]} 36. Rd7 {[%clk 0:14:22]} Rxd7 {[%clk 0:09:49]} 37. Qxd7
{[%clk 0:14:27]} a5 {[%clk 0:09:40]} 38. f3 {[%clk 0:14:20]} c4+ {[%clk 0:09:36]}
39. Kh2 {[%clk 0:14:13]} Qb8+ {[%clk 0:09:17]} 40. Kh3 {[%clk 0:14:07]} cxb3
{[%clk 0:08:39]} 41. cxb3 {[%clk 0:14:13]} Qb4 {[%clk 0:08:29]} 42. g4
{[%clk 0:13:53]} hxg4+ {[%clk 0:08:17]} 43. fxg4 {[%clk 0:13:54]} Qc3+
{[%clk 0:08:24]} 44. Kg2 {[%clk 0:13:48]} Qc2+ 1/2-1/2

[Event "MCR druzstev mladsich zaku 2019"]
[Site "Trest"]
[Date "2019.06.15"]
[Round "6.1"]
[White "Simunek, Jakub Simon"]
[Black "Finek, Vaclav"]
[Result "0-1"]
[BlackElo "2074"]
[WhiteElo "1540"]
[LiveChessVersion "1.4.8"]

1. d4 {[%clk 0:25:13]} d5 {[%clk 0:25:19]} 2. c4 {[%clk 0:25:17]} c6
{[%clk 0:25:27]} 3. Nf3 {[%clk 0:25:20]} Nf6 {[%clk 0:25:28]} 4. Bf4
{[%clk 0:25:18]} e6 {[%clk 0:25:30]} 5. cxd5 {[%clk 0:25:16]} exd5
{[%clk 0:25:19]} 6. e3 {[%clk 0:25:09]} Bd6 {[%clk 0:25:09]} 7. Bg3
{[%clk 0:24:57]} O-O {[%clk 0:25:13]} 8. Bd3 {[%clk 0:24:58]} Bg4
{[%clk 0:23:58]} 9. Bxd6 {[%clk 0:23:55]} Qxd6 {[%clk 0:23:59]} 10. Nbd2
{[%clk 0:24:01]} Nbd7 {[%clk 0:23:57]} 11. O-O {[%clk 0:23:51]} Rfe8
{[%clk 0:23:47]} 12. h3 {[%clk 0:23:37]} Bh5 {[%clk 0:23:51]} 13. Qc2
{[%clk 0:23:12]} Bg6 {[%clk 0:23:53]} 14. Bxg6 hxg6 {[%clk 0:23:46]} 15. Rab1
{[%clk 0:22:55]} a5 {[%clk 0:23:42]} 16. a3 {[%clk 0:22:43]} a4 {[%clk 0:23:38]}
17. Ne1 {[%clk 0:20:43]} Ne4 {[%clk 0:23:16]} 18. Nd3 {[%clk 0:20:27]} b6
{[%clk 0:21:30]} 19. Nxe4 {[%clk 0:18:32]} Rxe4 {[%clk 0:19:46]} 20. Rfc1
{[%clk 0:17:18]} c5 {[%clk 0:16:37]} 21. dxc5 {[%clk 0:12:50]} bxc5
{[%clk 0:15:57]} 22. Qd2 {[%clk 0:12:18]} d4 {[%clk 0:12:10]} 23. Nf4
{[%clk 0:10:41]} Qe5 {[%clk 0:11:24]} 24. Re1 {[%clk 0:08:29]} dxe3
{[%clk 0:09:53]} 25. fxe3 {[%clk 0:08:36]} Nf6 {[%clk 0:09:40]} 26. Rbc1
{[%clk 0:07:35]} c4 {[%clk 0:09:24]} 27. Qc3 {[%clk 0:06:17]} Qe7
{[%clk 0:08:36]} 28. Rcd1 {[%clk 0:05:57]} Rb8 {[%clk 0:08:23]} 29. Rd4
{[%clk 0:03:48]} Rxd4 {[%clk 0:07:46]} 30. exd4 {[%clk 0:03:09]} Qd6
{[%clk 0:07:47]} 31. Ne2 {[%clk 0:03:02]} Rc8 {[%clk 0:07:07]} 32. Nc1
{[%clk 0:01:56]} Nd5 {[%clk 0:07:02]} 33. Qd2 {[%clk 0:01:48]} c3
{[%clk 0:06:39]} 34. bxc3 {[%clk 0:01:49]} Nxc3 {[%clk 0:06:12]} 35. Qc2
{[%clk 0:01:21]} Qxd4+ {[%clk 0:06:13]} 36. Kh1 {[%clk 0:01:07]} Rd8
{[%clk 0:05:45]} 37. Ne2 {[%clk 0:01:03]} Nxe2 {[%clk 0:05:45]} 38. Qxe2
{[%clk 0:01:11]} Qd6 {[%clk 0:04:13]} 39. Qe3 {[%clk 0:00:59]} Rc8
{[%clk 0:03:56]} 40. Qf3 {[%clk 0:00:30]} Rb8 {[%clk 0:03:40]} 41. Rf1
{[%clk 0:00:34]} Qe7 {[%clk 0:02:26]} 42. Qc3 {[%clk 0:00:20]} Qb7
{[%clk 0:01:41]} 43. Re1 {[%clk 0:00:17]} Rc8 {[%clk 0:01:37]} 44. Qd2
{[%clk 0:00:15]} Qb3 {[%clk 0:01:38]} 45. Qd6 {[%clk 0:00:21]} Rf8
{[%clk 0:01:14]} 46. Rd1 {[%clk 0:00:21]} g5 {[%clk 0:00:54]} 47. Qd3
{[%clk 0:00:19]} Qxd3 {[%clk 0:01:00]} 48. Rxd3 {[%clk 0:00:29]} Kh7
{[%clk 0:00:57]} 49. Rd4 {[%clk 0:00:36]} Ra8 {[%clk 0:01:06]} 50. Kh2
{[%clk 0:00:42]} Kg6 {[%clk 0:01:15]} 51. Kg3 {[%clk 0:00:51]} Ra6
{[%clk 0:01:18]} 52. Kf3 {[%clk 0:00:40]} Ra5 {[%clk 0:01:11]} 53. Ke3
{[%clk 0:00:42]} Kf5 {[%clk 0:01:10]} 54. g4+ {[%clk 0:00:44]} Kg6
{[%clk 0:01:12]} 55. Ke4 {[%clk 0:00:40]} Ra8 {[%clk 0:01:16]} 56. Kf3
{[%clk 0:00:18]} Ra6 {[%clk 0:01:10]} 57. Ke4 {[%clk 0:00:23]} Kf6
{[%clk 0:01:12]} 58. Rb4 {[%clk 0:00:24]} Ke6 {[%clk 0:01:17]} 59. Rd4
{[%clk 0:00:25]} g6 {[%clk 0:01:20]} 60. Rb4 {[%clk 0:00:22]} f5+
{[%clk 0:01:19]} 61. Kf3 {[%clk 0:00:19]} Rc6 {[%clk 0:01:00]} 62. Rxa4
{[%clk 0:00:24]} Rc3+ {[%clk 0:01:09]} 63. Kg2 {[%clk 0:00:33]} f4
{[%clk 0:01:18]} 64. Ra6+ {[%clk 0:00:39]} Kf7 {[%clk 0:01:21]} 65. Ra7+
{[%clk 0:00:46]} Kf6 {[%clk 0:01:30]} 66. Ra6+ {[%clk 0:00:55]} Kg7
{[%clk 0:01:39]} 67. Ra7+ {[%clk 0:00:58]} Kh6 {[%clk 0:01:47]} 68. a4
{[%clk 0:01:07]} Rc2+ {[%clk 0:01:52]} 69. Kf3 {[%clk 0:01:15]} Rh2
{[%clk 0:02:01]} 70. a5 {[%clk 0:01:22]} Rxh3+ {[%clk 0:02:09]} 71. Kg2
{[%clk 0:01:31]} Rg3+ {[%clk 0:02:17]} 72. Kf2 {[%clk 0:01:40]} Rxg4
{[%clk 0:01:17]} 73. a6 {[%clk 0:01:37]} Rg3 {[%clk 0:01:25]} 74. Ra8
{[%clk 0:01:46]} Ra3 {[%clk 0:01:27]} 75. a7 {[%clk 0:01:42]} Kg7
{[%clk 0:01:32]} 76. Kg2 {[%clk 0:01:46]} g4 {[%clk 0:01:38]} 77. Kf2
{[%clk 0:01:55]} Ra2+ {[%clk 0:01:46]} 78. Kg1 {[%clk 0:02:05]} g3
{[%clk 0:03:48]} 79. Rb8 {[%clk 0:02:03]} Rxa7 {[%clk 0:03:54]} 80. Rb4
{[%clk 0:02:12]} Ra1+ {[%clk 0:03:49]} 81. Kg2 {[%clk 0:02:21]} Ra2+
{[%clk 0:03:58]} 82. Kf3 {[%clk 0:02:21]} Rf2+ {[%clk 0:04:03]} 0-1

[Event "MCR druzstev mladsich zaku 2019"]
[Site "Trest"]
[Date "2019.06.15"]
[Round "6.2"]
[White "Nemec, Jachym"]
[Black "Prazak, Daniel"]
[Result "1-0"]
[BlackElo "1782"]
[WhiteElo "1940"]
[LiveChessVersion "1.4.8"]

1. e4 {[%clk 0:25:10]} e6 {[%clk 0:25:16]} 2. d4 {[%clk 0:25:13]} d5
{[%clk 0:25:23]} 3. Nc3 {[%clk 0:25:13]} Bb4 {[%clk 0:25:30]} 4. e5
{[%clk 0:25:12]} b6 {[%clk 0:25:14]} 5. f4 {[%clk 0:23:35]} Qd7 {[%clk 0:23:57]}
6. Nf3 {[%clk 0:23:23]} Nc6 {[%clk 0:23:42]} 7. Bd3 {[%clk 0:22:27]} Bb7
{[%clk 0:23:04]} 8. O-O {[%clk 0:22:31]} O-O-O {[%clk 0:21:43]} 9. Ne2
{[%clk 0:21:15]} g6 {[%clk 0:20:51]} 10. Bd2 {[%clk 0:20:54]} Bxd2
{[%clk 0:20:44]} 11. Qxd2 {[%clk 0:20:58]} Nge7 {[%clk 0:19:55]} 12. a4
{[%clk 0:20:20]} h5 {[%clk 0:19:10]} 13. b4 {[%clk 0:19:58]} Nf5 {[%clk 0:18:16]}
14. a5 {[%clk 0:19:20]} Kb8 {[%clk 0:16:45]} 15. axb6 {[%clk 0:18:27]} cxb6
{[%clk 0:16:09]} 16. Ra2 {[%clk 0:17:21]} Rc8 {[%clk 0:14:14]} 17. Rfa1
{[%clk 0:17:21]} Rc7 {[%clk 0:13:39]} 18. c3 {[%clk 0:13:31]} Rd8
{[%clk 0:11:24]} 19. Nc1 {[%clk 0:13:08]} Nfe7 {[%clk 0:11:13]} 20. Bb5
{[%clk 0:11:41]} Nc8 {[%clk 0:10:22]} 21. Ng5 {[%clk 0:10:39]} Qe7
{[%clk 0:09:47]} 22. Nh7 {[%clk 0:10:04]} Rh8 {[%clk 0:09:24]} 23. Nf6
{[%clk 0:10:04]} Rd8 {[%clk 0:08:14]} 24. Ra3 {[%clk 0:09:45]} Rh8
{[%clk 0:07:36]} 25. h4 {[%clk 0:09:48]} Rd8 {[%clk 0:07:38]} 26. g3
{[%clk 0:09:57]} Rf8 {[%clk 0:07:13]} 27. Nd3 {[%clk 0:08:34]} Rd8
{[%clk 0:06:51]} 28. Qb2 {[%clk 0:08:29]} Rf8 {[%clk 0:06:32]} 29. Nc1
{[%clk 0:06:23]} Rd8 {[%clk 0:06:37]} 30. Nb3 {[%clk 0:06:05]} Ka8
{[%clk 0:05:28]} 31. Bd3 {[%clk 0:05:06]} Rf8 {[%clk 0:04:56]} 32. Qa2
{[%clk 0:04:58]} Kb8 {[%clk 0:03:48]} 33. Qb2 {[%clk 0:04:18]} Rh8
{[%clk 0:02:56]} 34. Nd2 {[%clk 0:04:16]} Rf8 {[%clk 0:02:36]} 35. Rb3
{[%clk 0:04:20]} Rh8 {[%clk 0:02:43]} 36. Nb1 {[%clk 0:04:26]} Rf8
{[%clk 0:02:23]} 37. Na3 {[%clk 0:04:25]} Rh8 {[%clk 0:02:25]} 38. Nb5
{[%clk 0:04:29]} Rd8 {[%clk 0:02:19]} 39. Rba3 {[%clk 0:04:29]} Rf8
{[%clk 0:02:08]} 40. Qa2 {[%clk 0:04:25]} Ba8 {[%clk 0:02:01]} 41. Be2
{[%clk 0:03:55]} Rb7 {[%clk 0:01:57]} 42. Ra4 {[%clk 0:03:31]} Rd8
{[%clk 0:01:55]} 43. Na3 {[%clk 0:03:14]} Rc7 {[%clk 0:01:51]} 44. Ba6
{[%clk 0:03:09]} Bb7 {[%clk 0:01:32]} 45. Be2 {[%clk 0:02:42]} Ba8
{[%clk 0:01:34]} 46. Nb1 {[%clk 0:02:50]} Rf8 {[%clk 0:01:41]} 47. Nd2
{[%clk 0:02:49]} Rh8 {[%clk 0:01:47]} 48. Qb2 {[%clk 0:02:44]} Rf8
{[%clk 0:01:49]} 49. Bb5 {[%clk 0:02:34]} Rh8 {[%clk 0:01:53]} 50. Qb1
{[%clk 0:02:06]} Rf8 {[%clk 0:01:58]} 51. Qd3 {[%clk 0:02:14]} Rh8
{[%clk 0:02:03]} 52. Nb1 {[%clk 0:02:05]} Rf8 {[%clk 0:02:10]} 53. Na3
{[%clk 0:02:13]} Rh8 {[%clk 0:02:17]} 54. Ba6 {[%clk 0:02:01]} Bb7
{[%clk 0:02:17]} 55. Bb5 {[%clk 0:01:54]} Ba8 {[%clk 0:02:24]} 56. Qe2
{[%clk 0:02:01]} Rf8 {[%clk 0:02:32]} 57. Bd3 {[%clk 0:01:35]} Rh8
{[%clk 0:02:38]} 58. Nb5 {[%clk 0:01:42]} Rb7 {[%clk 0:02:42]} 59. Ra6
{[%clk 0:01:38]} Rf8 {[%clk 0:02:46]} 60. Qb2 {[%clk 0:01:40]} Rd8
{[%clk 0:02:51]} 61. Qb3 {[%clk 0:01:43]} Rf8 {[%clk 0:02:56]} 62. Be2
{[%clk 0:01:52]} Rd8 {[%clk 0:03:01]} 63. Bf3 {[%clk 0:02:00]} Rf8
{[%clk 0:02:55]} 64. R1a4 {[%clk 0:02:07]} Rd8 {[%clk 0:03:03]} 65. Qb2
{[%clk 0:02:06]} Rf8 {[%clk 0:03:07]} 66. c4 {[%clk 0:02:05]} Rd8
{[%clk 0:03:08]} 67. cxd5 {[%clk 0:01:57]} exd5 {[%clk 0:03:10]} 68. Bxd5
{[%clk 0:02:00]} Rxd5 {[%clk 0:03:00]} 69. Nxd5 {[%clk 0:02:08]} Qd7
{[%clk 0:03:09]} 70. Qb3 {[%clk 0:02:03]} N6e7 {[%clk 0:02:43]} 71. Nxe7
{[%clk 0:01:45]} Qxe7 {[%clk 0:02:49]} 72. d5 {[%clk 0:01:37]} Rd7
{[%clk 0:02:45]} 73. d6 {[%clk 0:01:40]} Nxd6 {[%clk 0:02:27]} 74. Nxa7
{[%clk 0:01:32]} 1-0

[Event "MCR druzstev mladsich zaku 2019"]
[Site "Trest"]
[Date "2019.06.15"]
[Round "6.3"]
[White "Barta, David"]
[Black "Smolik, Jachym"]
[Result "0-1"]
[BlackElo "1652"]
[WhiteElo "1409"]
[LiveChessVersion "1.4.8"]

1. d4 {[%clk 0:25:17]} Nf6 {[%clk 0:25:28]} 2. Nf3 {[%clk 0:25:25]} e6
{[%clk 0:25:36]} 3. g3 {[%clk 0:25:34]} b6 {[%clk 0:25:33]} 4. Bg2
{[%clk 0:25:36]} Bb7 {[%clk 0:25:40]} 5. O-O {[%clk 0:25:41]} c5 {[%clk 0:25:02]}
6. Be3 {[%clk 0:25:03]} d5 {[%clk 0:24:04]} 7. dxc5 {[%clk 0:24:52]} bxc5
{[%clk 0:24:09]} 8. Ne5 {[%clk 0:24:23]} Nc6 {[%clk 0:23:37]} 9. Nxc6
{[%clk 0:23:56]} Bxc6 {[%clk 0:23:44]} 10. c4 {[%clk 0:23:20]} Qb6
{[%clk 0:22:51]} 11. Qb3 {[%clk 0:22:02]} Be7 12. Nd2 {[%clk 0:20:05]} O-O
{[%clk 0:20:44]} 13. cxd5 {[%clk 0:19:24]} Nxd5 {[%clk 0:19:40]} 14. Qxb6
{[%clk 0:18:34]} axb6 {[%clk 0:19:46]} 15. Nc4 {[%clk 0:17:31]} Nxe3
{[%clk 0:18:30]} 16. Nxe3 {[%clk 0:16:42]} Bxg2 {[%clk 0:18:38]} 17. Kxg2
{[%clk 0:16:44]} Bf6 {[%clk 0:18:37]} 18. Rfb1 {[%clk 0:13:17]} Rfd8
{[%clk 0:18:26]} 19. Ng4 {[%clk 0:12:08]} Be7 {[%clk 0:17:02]} 20. Rd1
{[%clk 0:07:20]} Rxd1 {[%clk 0:16:25]} 21. Rxd1 {[%clk 0:07:27]} h5
{[%clk 0:16:27]} 22. Ne5 {[%clk 0:05:24]} Bf6 {[%clk 0:16:27]} 23. Nd7
{[%clk 0:05:06]} Rxa2 {[%clk 0:15:37]} 24. Nxb6 {[%clk 0:05:05]} Rxb2
{[%clk 0:15:41]} 25. Nd7 {[%clk 0:04:54]} Bd4 {[%clk 0:15:14]} 26. Kf3
{[%clk 0:04:23]} Rb7 {[%clk 0:15:14]} 27. e3 {[%clk 0:04:06]} Rxd7
{[%clk 0:15:01]} 28. exd4 {[%clk 0:04:12]} Rxd4 {[%clk 0:14:20]} 29. Rc1
{[%clk 0:04:07]} Rd5 {[%clk 0:14:11]} 30. Ke4 {[%clk 0:03:34]} f5+
{[%clk 0:13:58]} 31. Kf4 {[%clk 0:03:32]} Kf7 {[%clk 0:13:19]} 32. h3
{[%clk 0:03:02]} Kf6 {[%clk 0:13:22]} 33. Rc4 {[%clk 0:02:50]} Rd4+
{[%clk 0:13:24]} 34. Rxd4 {[%clk 0:02:58]} cxd4 {[%clk 0:13:32]} 35. Kf3
{[%clk 0:03:06]} e5 {[%clk 0:13:40]} 36. Ke2 {[%clk 0:03:14]} e4 {[%clk 0:13:49]}
37. Kd2 {[%clk 0:03:20]} g5 {[%clk 0:13:58]} 38. Ke2 {[%clk 0:03:26]} Ke5
{[%clk 0:14:07]} 39. h4 {[%clk 0:03:25]} gxh4 {[%clk 0:14:14]} 40. gxh4
{[%clk 0:03:33]} f4 {[%clk 0:14:24]} 41. f3 {[%clk 0:03:40]} exf3+
{[%clk 0:14:31]} 42. Kxf3 {[%clk 0:03:48]} d3 {[%clk 0:14:41]} 43. Kf2
{[%clk 0:03:52]} Ke4 {[%clk 0:14:50]} 44. Ke1 {[%clk 0:04:00]} Ke3
{[%clk 0:14:59]} 45. Kf1 {[%clk 0:04:05]} d2 {[%clk 0:15:07]} 46. Kg2
{[%clk 0:04:13]} d1=Q {[%clk 0:15:13]} 0-1